2008 UEFA European Championship Cities - Statistics

General Stats
  • This quiz has been taken 16 times
  • The average score is 7 of 8
Answer Stats
Picture Answer % Correct
Bern
100%
Geneva
100%
Vienna
100%
Zürich
100%
Innsbruck
93%
Basel
87%
Salzburg
87%
Klagenfurt
40%
No matching quizzes found
Score Distribution
Percent of People with Each Score
Percentile by Number Answered
Your Score History
You have not taken this quiz